000 00724nam a2200253Ia 4500
003 OSt
005 20220918173657.0
006 a|||||r|||| 00| 0
007 ta
008 220917b |||||||| |||| 00| 0 eng d
024 _a7,695
037 _cTextual
040 _aARTS
_cARTS
_beng
041 _2eng
_aeng
082 _a233, L0 (2)
100 _aBraden Irene A.
_946855
245 0 _aUdergraduate library
260 _aChicago
_bASmerican Library Association
_c1970
300 _ax,158p Bibliography
_ccm.
490 _aAssociation of college and research libraries monographs 1970
650 _aLIBRARY SCIENCE
942 _h233, L0 (2)
_cTEXL
_2CC
999 _c149564
_d149564